[Event "CZE-chT U18 Extraliga West 1718"]
[Site "Czech Republic"]
[Date "2017.10.08"]
[Round "3.4"]
[White "Dolansky, Lukas"]
[Black "Hung, Do"]
[Result "1-0"]
[WhiteElo "2041"]
[BlackElo "1757"]
[PlyCount "49"]
[EventDate "2017.10.07"]
[EventType "team-tourn"]
[EventRounds "11"]
[EventCountry "CZE"]
[SourceTitle "EXT 2023"]
[Source "ChessBase"]
[SourceDate "2022.10.05"]
[SourceVersion "1"]
[SourceVersionDate "2022.10.05"]
[SourceQuality "1"]
[WhiteTeam "Klatovy (U18)"]
[BlackTeam "Liberec Desko (U18)"]
[WhiteTeamCountry "CZE"]
[BlackTeamCountry "CZE"]

1. Nf3 Nf6 2. g3 c5 3. Bg2 Nc6 4. 0-0 g6 5. c4 Bg7 6. Nc3 0-0 7. e3 d6 8. a3 Be6 9. d3 h6 10. Qc2 Qb6 11. Rb1 Rac8 12. Rd1 d5 13. Na4 Qa5 14. Bd2 Nb4 15. axb4 cxb4 16. b3 dxc4 17. bxc4 b5 18. Nb2 Qa2 19. Nd4 bxc4 20. dxc4 Ng4 21. Bxb4 Bxd4 22. Rxd4 Bf5 23. e4 e5 24. Rdd1 Rxc4 25. Qxc4 1-0

[Event "CZE-chT U18 Extraliga West 1718"]
[Site "Czech Republic"]
[Date "2017.10.07"]
[Round "2.4"]
[White "Hung, Do"]
[Black "Kubat, Martin"]
[Result "0-1"]
[WhiteElo "1757"]
[BlackElo "1872"]
[PlyCount "70"]
[EventDate "2017.10.07"]
[EventType "team-tourn"]
[EventRounds "11"]
[EventCountry "CZE"]
[SourceTitle "EXT 2023"]
[Source "ChessBase"]
[SourceDate "2022.10.05"]
[SourceVersion "1"]
[SourceVersionDate "2022.10.05"]
[SourceQuality "1"]
[WhiteTeam "Liberec Desko (U18)"]
[BlackTeam "Praha Kobylisy (U18)"]
[WhiteTeamCountry "CZE"]
[BlackTeamCountry "CZE"]

1. e4 c5 2. Nf3 d6 3. d4 cxd4 4. Nxd4 Nf6 5. Nc3 g6 6. Be3 Bg7 7. f3 0-0 8. Qd2 Nc6 9. 0-0-0 d5 10. exd5 Nxd5 11. Nxc6 bxc6 12. Bd4 Nf6 13. Kb1 Be6 14. h4 Qa5 15. h5 Rfd8 16. hxg6 hxg6 17. b3 Rxd4 18. Qxd4 Nd5 19. Nxd5 Bxd4 20. Nxe7+ Kg7 21. Nxc6 Qc5 22. Nxd4 Bd5 23. Bd3 a5 24. c4 Bb7 25. Bc2 Re8 26. Rd2 a4 27. Rhd1 Ba6 28. Nb5 axb3 29. axb3 Bxb5 30. Rd5 Qa3 31. Rd8 Re7 32. R1d4 Ra7 33. Be4 Qxb3+ 34. Kc1 Qc3+ 35. Kd1 Ra1+ 0-1

[Event "EU-ch U16 26th"]
[Site "Prague"]
[Date "2016.08.27"]
[Round "9.64"]
[White "Fleri, Matthew"]
[Black "Hung, Do"]
[Result "0-1"]
[WhiteElo "1276"]
[BlackElo "1766"]
[PlyCount "56"]
[EventDate "2016.08.18"]
[EventType "swiss"]
[EventRounds "9"]
[EventCountry "CZE"]
[SourceTitle "CBM 174 Extra"]
[Source "ChessBase"]
[SourceDate "2016.10.10"]
[SourceVersion "1"]
[SourceVersionDate "2016.10.10"]
[SourceQuality "1"]

1. e4 e5 2. Nf3 Nc6 3. Bc4 Bc5 4. Nc3 Nf6 5. 0-0 d6 6. d3 h6 7. h3 0-0 8. Be3 Bb6 9. d4 exd4 10. Nxd4 Ne5 11. Bb3 Re8 12. f4 Nc6 13. Qd3 Bd7 14. a3 Qe7 15. Rae1 Ba5 16. Bf2 Rad8 17. Re2 Bxc3 18. bxc3 Nxe4 19. Rfe1 Nxf2 20. Kxf2 Qh4+ 21. Kg1 Rxe2 22. Rxe2 Qf6 23. Nb5 Rc8 24. Kh1 Qxf4 25. Qc4 Qxc4 26. Bxc4 Ne5 27. Bb3 Bxb5 28. Rf2 Bc4 0-1

[Event "EU-ch U16 26th"]
[Site "Prague"]
[Date "2016.08.22"]
[Round "5"]
[White "Horvath, Tomas"]
[Black "Hung, Do"]
[Result "1/2-1/2"]
[WhiteElo "2014"]
[BlackElo "1766"]
[PlyCount "86"]
[EventDate "2016.08.18"]
[EventType "swiss"]
[EventRounds "9"]
[EventCountry "CZE"]
[SourceTitle "CBM 174 Extra"]
[Source "ChessBase"]
[SourceDate "2016.10.10"]
[SourceVersion "1"]
[SourceVersionDate "2016.10.10"]
[SourceQuality "1"]

1. e4 e5 2. f4 Bc5 3. Nf3 d6 4. Bc4 Nf6 5. Nc3 Bg4 6. fxe5 Bxf3 7. Qxf3 dxe5 8. Nd5 Nbd7 9. b4 Bb6 10. Bb2 0-0 11. Nxb6 Nxb6 12. Bb3 Qd6 13. 0-0 c5 14. bxc5 Qxc5+ 15. d4 exd4 16. Ba3 Qe5 17. Bxf8 Rxf8 18. Rae1 a5 19. Qf5 Qxf5 20. Rxf5 a4 21. Bd5 Rc8 22. Re2 Nbxd5 23. exd5 Rc5 24. Rfe5 h6 25. Rd2 d3 26. Rxd3 Rxc2 27. Re1 Rxa2 28. d6 b5 29. d7 Nxd7 30. Rxd7 b4 31. Rb1 b3 32. Rb7 Rc2 33. Rb4 Ra2 34. h3 f6 35. Kh2 Kf7 36. Kg3 Ke6 37. Kf4 Kd5 38. g4 Kc5 39. R4xb3 axb3 40. Rxb3 Rf2+ 41. Kg3 Ra2 42. Rb7 g5 43. Rh7 Ra3+ 1/2-1/2

[Event "EU-ch U16 26th"]
[Site "Prague"]
[Date "2016.08.19"]
[Round "2"]
[White "Hung, Do"]
[Black "Acs, Marton"]
[Result "0-1"]
[WhiteElo "1766"]
[BlackElo "2030"]
[PlyCount "86"]
[EventDate "2016.08.18"]
[EventType "swiss"]
[EventRounds "9"]
[EventCountry "CZE"]
[SourceTitle "CBM 174 Extra"]
[Source "ChessBase"]
[SourceDate "2016.10.10"]
[SourceVersion "1"]
[SourceVersionDate "2016.10.10"]
[SourceQuality "1"]

1. e4 e5 2. Nf3 Nc6 3. Bc4 Bc5 4. c3 Nf6 5. d3 a6 6. 0-0 Ba7 7. Nbd2 d6 8. h3 0-0 9. Re1 Na5 10. Bb3 Nxb3 11. Qxb3 b5 12. Nf1 Be6 13. Qc2 h6 14. Bd2 Nh5 15. d4 Qf6 16. Rad1 Bxh3 17. gxh3 Qxf3 18. Re3 Qf6 19. Ng3 Nxg3 20. Rxg3 exd4 21. cxd4 Bxd4 22. Bxh6 Bxf2+ 23. Qxf2 Qxh6 24. Rd5 Rae8 25. Qf3 Re5 26. Rxe5 dxe5 27. Qf5 Qf4 28. Qxf4 exf4 29. Rg4 Rd8 30. Rxf4 Rd4 31. Kg2 Rd2+ 32. Rf2 Rxf2+ 33. Kxf2 c5 34. Ke3 f6 35. e5 Kf7 36. Ke4 Ke6 37. exf6 Kxf6 38. Kd5 c4 39. a3 Kg5 40. Kc5 Kh4 41. Kb6 Kxh3 42. Kxa6 g5 43. Kxb5 g4 0-1

[Event "Liberec op 16th"]
[Site "Liberec"]
[Date "2016.02.20"]
[Round "9"]
[White "Hung, Do"]
[Black "Stojkovic, Andreja"]
[Result "0-1"]
[WhiteElo "1715"]
[BlackElo "1865"]
[PlyCount "32"]
[EventDate "2016.02.13"]
[EventType "swiss"]
[EventRounds "9"]
[EventCountry "CZE"]
[SourceTitle "CBM 170 Extra"]
[Source "ChessBase"]
[SourceDate "2016.02.25"]
[SourceVersion "1"]
[SourceVersionDate "2016.02.25"]
[SourceQuality "1"]

1. e4 e5 2. Nf3 Nc6 3. d4 exd4 4. Bc4 d6 5. c3 d3 6. Qxd3 Nf6 7. Bg5 Be7 8. h3 0-0 9. 0-0 h6 10. Bh4 Nh5 11. Bxe7 Qxe7 12. Nbd2 Ne5 13. Qe3 Nxc4 14. Nxc4 Be6 15. Qd4 Nf4 16. Ne3 Ne2+ 0-1

[Event "Liberec op 16th"]
[Site "Liberec"]
[Date "2016.02.19"]
[Round "8"]
[White "Peniska, Pavel"]
[Black "Hung, Do"]
[Result "1-0"]
[WhiteElo "1957"]
[BlackElo "1715"]
[PlyCount "46"]
[EventDate "2016.02.13"]
[EventType "swiss"]
[EventRounds "9"]
[EventCountry "CZE"]
[SourceTitle "CBM 170 Extra"]
[Source "ChessBase"]
[SourceDate "2016.02.25"]
[SourceVersion "1"]
[SourceVersionDate "2016.02.25"]
[SourceQuality "1"]

1. e4 e5 2. Nf3 Nc6 3. Bb5 f5 4. Nc3 Nf6 5. 0-0 Bc5 6. d3 d6 7. Bg5 h6 8. Bxf6 gxf6 9. Nh4 h5 10. exf5 a6 11. Bc4 Nd4 12. Ne4 b5 13. Nxc5 bxc4 14. Ne4 cxd3 15. cxd3 Rh7 16. f4 Kf7 17. fxe5 fxe5 18. f6 Qg8 19. Qd2 Ne6 20. Nf3 Rh8 21. Nfg5+ Kf8 22. h4 Rb8 23. Qa5 Rxb2 1-0

[Event "Liberec op 16th"]
[Site "Liberec"]
[Date "2016.02.16"]
[Round "5"]
[White "Hung, Do"]
[Black "Dimov, Daniel"]
[Result "1-0"]
[WhiteElo "1715"]
[BlackElo "1959"]
[PlyCount "101"]
[EventDate "2016.02.13"]
[EventType "swiss"]
[EventRounds "9"]
[EventCountry "CZE"]
[SourceTitle "CBM 170 Extra"]
[Source "ChessBase"]
[SourceDate "2016.02.25"]
[SourceVersion "1"]
[SourceVersionDate "2016.02.25"]
[SourceQuality "1"]

1. e4 d6 2. d4 Nf6 3. Nc3 g6 4. f3 Bg7 5. Be3 Nbd7 6. Qd2 e5 7. Nge2 a6 8. g4 exd4 9. Nxd4 Ne5 10. Be2 Be6 11. Nxe6 fxe6 12. g5 Nfd7 13. h4 Nb6 14. Bxb6 cxb6 15. 0-0-0 Nf7 16. f4 Qc7 17. Bg4 Bxc3 18. bxc3 Qc4 19. Qd4 Qxd4 20. cxd4 Ke7 21. f5 gxf5 22. exf5 exf5 23. Bxf5 Rae8 24. Rde1+ Kd8 25. Rxe8+ Kxe8 26. Re1+ Kf8 27. Re6 h5 28. a4 b5 29. axb5 axb5 30. Kb2 Nd8 31. Rxd6 Nc6 32. Rd7 Ne7 33. Be4 b6 34. Rb7 Nc8 35. g6 Rg8 36. g7+ Rxg7 37. Rb8 Rg4 38. Rxc8+ Ke7 39. Bf3 Rxd4 40. Bxh5 Rxh4 41. Be2 Kd7 42. Rc3 b4 43. Rc4 Rh2 44. Bd3 Kd6 45. Rxb4 Kc5 46. Rc4+ Kd5 47. Kc3 Rf2 48. Kb4 Rf6 49. Be4+ Ke5 50. Kb5 Rd6 51. Bc6 1-0

[Event "Liberec op 16th"]
[Site "Liberec"]
[Date "2016.02.15"]
[Round "3"]
[White "Hung, Do"]
[Black "Masek, Stanislav"]
[Result "1-0"]
[WhiteElo "1715"]
[BlackElo "1557"]
[PlyCount "51"]
[EventDate "2016.02.13"]
[EventType "swiss"]
[EventRounds "9"]
[EventCountry "CZE"]
[SourceTitle "CBM 170 Extra"]
[Source "ChessBase"]
[SourceDate "2016.02.25"]
[SourceVersion "1"]
[SourceVersionDate "2016.02.25"]
[SourceQuality "1"]

1. e4 c5 2. Nf3 e6 3. d4 cxd4 4. Nxd4 Nc6 5. Nc3 Qc7 6. f4 a6 7. a3 d6 8. Be3 Nf6 9. Nb3 Rb8 10. g4 h5 11. g5 Ng4 12. Bg1 e5 13. f5 g6 14. fxg6 fxg6 15. h3 Qe7 16. hxg4 Bxg4 17. Be2 Bxe2 18. Qxe2 Qxg5 19. Be3 Qg3+ 20. Bf2 Qf4 21. Nd5 Qf7 22. Rf1 Qg7 23. 0-0-0 h4 24. Bb6 Rc8 25. Qg4 Rd8 26. Nc7+ 1-0

[Event "Liberec op 16th"]
[Site "Liberec"]
[Date "2016.02.13"]
[Round "1"]
[White "Hung, Do"]
[Black "Bartos, Jan"]
[Result "0-1"]
[WhiteElo "1715"]
[BlackElo "2181"]
[PlyCount "34"]
[EventDate "2016.02.13"]
[EventType "swiss"]
[EventRounds "9"]
[EventCountry "CZE"]
[SourceTitle "CBM 170 Extra"]
[Source "ChessBase"]
[SourceDate "2016.02.25"]
[SourceVersion "1"]
[SourceVersionDate "2016.02.25"]
[SourceQuality "1"]

1. e4 g6 2. f4 d5 3. exd5 Qxd5 4. Nc3 Qd6 5. g3 Bd7 6. Nf3 Bg7 7. Bg2 Nc6 8. Nb5 Qe6+ 9. Kf2 0-0-0 10. Re1 Qc4 11. Nc3 Nf6 12. d3 Qc5+ 13. d4 Nxd4 14. Kf1 Bg4 15. Be3 Qc4+ 16. Kf2 Nxf3 17. Qxd8+ Rxd8 0-1